000 00650nam a2200277Ia 4500
005 20260324142700.0
008 008 260324s9999 xx 000 0 eng d
020 _a9780429302190
037 _aEBOOK
040 _aCRL
040 _beng
040 _cCRL
041 _2eng
041 _aeng
084 _qCRL
100 _aMarc Raeff
_91212864
245 0 _aPolitical Ideas And Institutions In Imperial Russia
260 _bTaylor and Francis
260 _c1994
365 _a
365 _b230
856 _uhttp://www.taylorfrancis.com/books/9780429302190
942 _cEBOOK
999 _c1817308
_d1817308